000 00648nas a2200217 4500
001 BR7302404
003 BR-BrBNA
005 20231205082429.0
007 ta
008 230509b bl.|||p| |||| 00| 00por d
040 _aBR-BrBNA
_bpor
_cBiblioteca Nacional de Agricultura
041 _a(Pt)
072 _aF70
100 1 _aBicudo, R.M.T.
245 1 _aO genero Chara (Charophyceae)no Brasil, 1. Subseccao Willdenowia R.D. Wood [Alga]
_bParte de tese
650 _aTAXONOMIA VEGETAL
650 _aALGA
773 0 _tRickia (Brazil)
_x
_g(Jul 1974), v. 6 p. 127-194
_wBR7302404
909 _a202311
_bLúcia
_c55
_dLúcia Elande
942 _2AGRIS
_n0
_cANA
999 _c91740
_d91740